Lateinische Wörter #1 - Statistiken

Allgemein
  • Dieses Quiz wurde 10.050 mal gespielt
    9.927 seit der letzten Aktualisierung
  • Das Durchschnittsergebnis liegt bei 16 aus 24
Antwortstatistiken
Latein Deutsch % Korrekt
Sol Sonne
94%
Contra gegen
93%
Corpus Körper
86%
Lumen Licht
86%
Leo Löwe
86%
Luna Mond
86%
Post nach
83%
Mille Tausend
79%
Deus Gott
76%
Annus Jahr
75%
Rex König
75%
Amicus Freund
70%
Mater Mutter
70%
Stella Stern
69%
Lupus Wolf
67%
Pax Frieden
58%
Nihil nichts
56%
Bellum Krieg
53%
Caput Kopf
46%
Ursus Bär
39%
Ignis Feuer
39%
Sanguis Blut
37%
Ovum Ei
31%
Avis Vogel
24%
Keine übereinstimmenden Quizze gefunden
Verteilung der Resultate
Anzahl Personen mit jedem Resultat
Perzentil nach korrekt beantworteten Fragen
Ihre Resultats-Entwicklung
Sie haben dieses Quiz seit der letzten Aktualisierung nicht gespielt